000 00713nam 22002533 4500
001 197876
010 _a972-46-1186-8
021 _aPT
_b155 647/00
090 _a197876
100 _a20250916d u||y0pory50 ba
101 _apor
102 _aPT
200 _aPor Instinto
_fRita Ferro
_gRevisão de Ayala Monteiro
205 _a
210 _aLisboa
_cEditorial Notícias
_d2000
215 _a254, (2) p.
_cBrochado
_d23 cm
225 _aColeção 13
_v23
300 _aCrónicas
606 _93828
_aLiteratura Portuguesa Crónicas
675 _a821.134.3-92/FER/POR
_vPT
_zpor
700 _93089
_aFerro
_bRita
_f1955-
801 _aPT
_bBMMN
_gRPC
830 _cCarlos Pinto
_d16-09-2025
_fCarlos Pinto
990 _cLIVROS